Anayasa hukuku idare hukuku (Record no. 1725)
[ view plain ]
| 000 -BAŞLIK | |
|---|---|
| Sabit Uzunlukta Kontrol Alanı | 00915na a2200289 4500 |
| 001 - KONTROL NUMARASI | |
| Denetim Alanı | 16961 |
| 003 - KONTROL NUMARASI IDENTIFIER | |
| Denetim Alanı | MIRAKIL |
| 005 - SON İŞLEM TARİHİ VE ZAMANI | |
| Denetim Alanı | 20181213154832.0 |
| 008 - SABİT-BOY VERİ ELEMANLARI - GENEL BİLGİLER | |
| Sabit Uzunlukta Kontrol Alanı | 161018b tu 000 0 |
| 020 ## - ULUSLARARASI STANDART KİTAP NUMARASI | |
| Uluslararası Standart Kitap Numarası | 9944322393 |
| 040 ## - KATALOGLAMA KAYNAK | |
| Orijinal Kataloglama Ajansı | Milas |
| Kataloglama Dili | tur |
| Metne Dönüştürmek Ajansı | TR-AnCHP |
| 041 ## - DİL KODU | |
| Metin / Ses Parça Veya Ayrı Başlığın Dil Kodu | tur |
| 082 ## - DEWEY ONLU SINIFLANDIRMA NUMARASI | |
| Sınıflandırma Numarası | 342.561 |
| Ürün Numarası | O29a 2008 |
| 090 ## - SINIFLAMA NUMARASI | |
| Sınıflama Numarası | 342.561 O29a 2008 |
| 100 ## - ANA GİRİŞ - KİŞİSEL İSİM | |
| Kişisel Ad | Odyakmaz, Zehra |
| Bir Adıyla İlişkilendirilen Tarihler | 1949- |
| 245 ## - BAŞLIK TABLOSU | |
| Başlık | Anayasa hukuku idare hukuku |
| Sorumluluk Tablosu, Vb | Zehra Odyakmaz, Ümit Kaymak, İsmail Ercan |
| 250 ## - EDITION TABLOSU | |
| Baskı Beyanı | 8. bs. |
| 260 ## - YAYIN, DAĞITIM, VB | |
| Yayın, Dağıtım, Vb Yeri | İstanbul |
| Yayıncı, Dağıtıcı, Vs Adı | İkinci Sayfa |
| Yayın, Dağıtım, Vb Tarihi | 2008 |
| 300 ## - FİZİKSEL TANIM | |
| Kapsam | xxx, 904 s. |
| Diğer Fiziksel Ayrıntıları | tbl. |
| Boyutlar | 19 sm. |
| 440 ## - SERİSİ TABLOSU / KATMA GİRİŞİ - BAŞLIK | |
| Başlık | İkinci Sayfa |
| Hacim / Ardışık Tanımı | 137 |
| 490 ## - SERİSİ TABLOSU | |
| Seri Beyanı | Sınavlara Hazırlık dizisi |
| Hacim / Ardışık Tanımı | 8 |
| 500 ## - GENEL NOT | |
| Genel Not | 2007 ve 2008 yılı Anayasa değişikliklerine ve son güncel mevzuata göre hazırlanmıştır. |
| 650 ## - KONU KATMA GİRİŞ - TOPİKAL DÖNEM | |
| Topikal Süreli Veya Coğrafi Ad Giriş Elemanı | Anayasa ve idare hukuku |
| Genel Alt Bölümü | Ders kitapları |
| Coğrafi Alt Bölümü | Türkiye |
| 700 ## - KATMA GİRİŞ - KİŞİSEL İSİM | |
| Kişisel Ad | Ercan, İsmail |
| 700 ## - KATMA GİRİŞ - KİŞİSEL İSİM | |
| Kişisel Ad | Kaymak, Ümit |
| 942 ## - EKLENDİ GİRİŞ ELEMANLARI (KOHA) | |
| Sınıflandırma Veya Raf Düzeni Kaynak | Dewey Decimal Classification |
| Koha Öğesi Türü | Books |
| 999 ## - SİSTEM KONTROL NUMARALARI (KOHA) | |
| Koha Biblionumber | 1725 |
| Koha Biblioitemnumber | 1725 |
| Kalıcı Konum | Mevcut Konum | Edinme Tarihi | Edinim Kaynak | Toplam Check-Out'Lar | Tam Çağrı Numarası | Barkod | Tarih Son Görülme | Tarihi Geçen Teslim | İtibaren Geçerli Fiyatlar | Koha Öğesi Türü |
|---|---|---|---|---|---|---|---|---|---|---|
| CHP Kütüphanesi | CHP Kütüphanesi | 10/18/2016 | Bağış | 1 | 342.561 O29a 2008 | 005430 | 01/18/2019 | 01/08/2019 | 10/18/2016 | Books |
